00391nam a22000977a 4500008004100000100002000041245010700061260004700168300003100215773004700246260311b ||||| |||| 00| 0 eng d aKumar, Sanjeev  aPolicy research and challenges of data collection: A field view from the Northern Hindi belt of India  aMadhya Pradesh Journal of Social Sciences  a 29(1), Jun, 2024: p.41-56 aMadhya Pradesh Journal of Social Sciences